Top 100 NBA Players for the 25-26 season - Statistics

General Stats
  • This quiz has been taken 352 times
  • The average score is 59 of 101
Answer Stats
Hint Answer % Correct
Lakers Luka Dončić
98%
Nuggets Nikola Jokić
98%
Wolves Anthony Edwards
97%
Bucks Giannis Antetokounmpo
96%
Thunder Shai Gilgeous-Alexander
96%
Spurs Victor Wembanyama
96%
Cavs Donovan Mitchell
95%
Knicks Jalen Brunson
95%
76ers Joel Embiid
95%
Suns Devin Booker
94%
Warriors Stephen Curry
94%
Lakers Lebron James
93%
Knicks Karl-Anthony Towns
91%
Celtics Jaylen Brown
90%
Pacers Tyrese Haliburton
90%
Mavs Anthony Davis
89%
Pistons Cade Cunningham
89%
Grizzlies Ja Morant
89%
Magic Paolo Banchero
89%
Suns Kevin Durant
88%
Pistons Jalen Duren
87%
Clippers James Harden
87%
Clippers Kawhi Leonard
87%
Rockets Jalen Green
86%
Warriors Draymond Green
84%
Spurs De'Aaron Fox
83%
76ers Tyrese Maxey
83%
Thunder Jalen Williams
81%
Hawks Trae Young
81%
Rockets Alperen Şengün
79%
Kings Domantas Sabonis
79%
Cavs Evan Mobley
79%
Grizzlies Jaren Jackson Jr.
78%
Warriors Jimmy Butler
78%
Hornets LaMelo Ball
78%
Heat Bam Adebayo
77%
Pacers Pascal Siakam
77%
Heat Tyler Herro
76%
Pelicans Zion Williamson
75%
Cavs Darius Garland
74%
Nuggets Jamal Murray
74%
Pelicans Dejounte Murray
73%
Raptors Scottie Barnes
73%
Magic Franz Wagner
72%
Kings DeMar Derozan
71%
Celtics Derrick White
71%
Wolves Julius Randle
71%
Thunder Chet Holmgren
69%
Jazz Lauri Markkanen
69%
Wolves Rudy Gobert
69%
Kings Zach Lavine
68%
Mavs Cooper Flagg
66%
Knicks Mikal Bridges
66%
Raptors Brandon Ingram
65%
Cavs Jarrett Allen
64%
Knicks Josh Hart
64%
76ers Paul George
64%
Celtics Kristaps Porzingis
61%
Knicks OG Anunoby
60%
Nets Cameron Johnson
56%
Lakers Austin Reaves
55%
Rockets Fred Vanvleet
55%
Nuggets Michael Porter Jr.
53%
Pacers Myles Turner
51%
Clippers Ivica Zubac
50%
Celtics Jrue Holiday
49%
Wolves Jaden McDaniels
45%
Magic Jalen Suggs
44%
Raptors RJ Barrett
44%
Thunder Isaiah Hartenstein
42%
Rockets Amen Thompson
41%
Thunder Alex Caruso
38%
Bulls Josh Giddey
32%
Nets Nic Claxton
32%
Celtics Payton Pritchard
32%
Blazers Deandre Ayton
31%
Knicks Mitchell Robinson
31%
Bulls Nikola Vučević
30%
Blazers Deni Avdija
29%
Pistons Jaden Ivey
29%
Lakers Rui Hachimura
26%
Cavs De’Andre Hunter
25%
Hawks Jalen Johnson
25%
Wolves Nickeil Alexander-Walker
25%
Jazz Collin Sexton
23%
Kings Malik Monk
23%
Hawks Dyson Daniels
22%
Magic Wendell Carter Jr.
20%
Pacers Andrew Nembhard
17%
Nuggets Christian Braun
15%
Pacers Aaron Nesmith
13%
Warriors Jonathan Kuminga
13%
Blazers Toumani Camara
8%
Pelicans Trey Murphy
6%
Nets Cam Thomas
3%
Pelicans Herb Jones
3%
76ers Jared McCain
3%
Spurs Stephen Castle
2%
Knicks Deuce McBride
1%
Spurs Devon Vassell
1%
Hornets Mark Williams
1%
No matching quizzes found
Score Distribution
Percent of People with Each Score
Percentile by Number Answered
Your Score History
You have not taken this quiz